Working papers on canadian politics

-д хадгалсан:
Номзүйн дэлгэрэнгүй
Үндсэн зохиолч: Meisel, John (autor)
Формат: Ном
Хэл сонгох:англи
Хэвлэсэн: Montreal Mc Gill-Queen's University Press 1973
Нөхцлүүд:
Шошгууд: Шошго нэмэх
Шошго байхгүй, Энэхүү баримтыг шошголох эхний хүн болох!

MARC

LEADER 00000nam a2200000 a 4500
001 UCN3648
003 CL-VaPUC
008 010706e19730000CN |||||||||||||||||eng|d
082 0 4 |a 320.971  |b MEI  |2 21 
100 |a Meisel, John  |e autor  |9 460212 
245 1 0 |a Working papers on canadian politics 
300 |a 257 h 
942 |c BK 
945 |d 20010706 00:00:00  |a rbrito 
260 |a Montreal  |b Mc Gill-Queen's University Press  |c 1973 
650 0 |a Política  |9 255312 
650 0 |a Elecciones  |9 254997 
650 0 |a Votaciones  |9 460213 
650 0 |a Partidos políticos  |9 254999 
651 7 |a CANADA  |2 CL-VaPUC  |9 460214 
583 |a last modification  |c 20010706 00:00:00  |k Rodrigo Vera 
999 |c 296437  |d 296435 
952 |0 0  |1 0  |4 0  |6 320_971000000000000_MEI_1973  |7 0  |8 A  |9 350195  |a BIBGIM  |b BIBGIM  |d 2019-11-20  |i 3618889  |o 320.971 MEI 1973  |p 3618889  |r 2025-01-15  |w 2019-11-20  |y BK  |k ORI